|
|
|
|
| LEADER |
00000naa2a2200000 4500 |
| 001 |
195435 |
| 005 |
20231031182838.0 |
| 035 |
|
|
|a (RuTPU)RU\TPU\book\213208
|
| 090 |
|
|
|a 195435
|
| 100 |
|
|
|a 20110510d2009 k y0rusy50 ca
|
| 101 |
0 |
|
|a rus
|
| 102 |
|
|
|a RU
|
| 200 |
1 |
|
|a Он из плеяды сильных духом!
|f К. В. Епифанцев, В. А. Пономарёв, Е. М. Комарова
|
| 320 |
|
|
|a Библиогр.: 3 назв.
|
| 463 |
|
0 |
|0 (RuTPU)RU\TPU\book\205117
|t Актуальные проблемы гуманитарных наук
|o труды VIII международной научно-практической конференции студентов, аспирантов и молодых ученых, г. Томск, 16-17 апреля 2009 г.
|f Томский политехнический университет (ТПУ)
|v С. 181-183
|d 2009
|p 466 с.
|
| 610 |
1 |
|
|a Великая Отечественная война
|
| 610 |
1 |
|
|a пленные
|
| 610 |
1 |
|
|a партизаны
|
| 610 |
1 |
|
|a Франция
|
| 610 |
1 |
|
|a труды учёных ТПУ
|
| 700 |
|
1 |
|a Епифанцев
|b К. В.
|
| 701 |
|
1 |
|a Пономарёв
|b В. А.
|c российский учёный в области гуманитарных наук
|c доцент Юргинского технологического института (филиал) Томского политехнического университета
|f 1959-
|g Владимир Алексеевич
|2 stltpush
|3 (RuTPU)RU\TPU\pers\24506
|
| 701 |
|
1 |
|a Комарова
|b Е. М.
|
| 801 |
|
1 |
|a RU
|b 63413507
|c 20110510
|
| 942 |
|
|
|c BK
|